Score 0/20 Timer 04:00
2 Plays Today
Question Answer Wrong Answers
Everybody Loves Raymond: Which character works as a police officer? Robert Barone
90.5%
Ray Barone
3%
Debra Barone
2.1%
Amy Barone
1.7%
SpongeBob SquarePants: Which character lives in a pineapple under the sea? Spongebob Squarepants
89.2%
Patrick Star
5.9%
Sandy Cheeks
1.1%
Squidward Tentacles
1.5%
Bewitched: Which character has no supernatural powers? Darrin Stephens
87.6%
Samantha Stephens
3.4%
Tabitha Stephens
3.8%
Endora
2.5%
The Fresh Prince of Bel-Air: Which character is a cousin to the other three? Will Smith
86.8%
Carlton Banks
5.1%
Ashley Banks
2.9%
Hilary Banks
2.8%
Happy Days: Which character's real name is Arthur? Arthur 'Fonzie' Fonzarelli
82.8%
Richie Cunningham
5.1%
Warren 'Potsie' Weber
4.8%
Charles 'Chachi' Arcola
4.5%
How I Met Your Mother: Which character marries Marshall? Lily Aldrin
74.2%
Tracy McConnell
10.3%
Robin Scherbatsky
10.5%
Ted Mosby
2.5%
Scrubs: Which character is not a doctor? Carla Espinosa
70.2%
Dr. J.D. Dorian
9.1%
Dr. Elliot Reid
11.4%
Dr. Christopher Turk
6.8%
Doctor Who: Which character is not a form of The Doctor? Rory Williams
69.1%
Tenth Doctor
7.7%
Eleventh Doctor
9.7%
Twelfth Doctor
10.7%
Mad Men: Which character is never an employee of Sterling Cooper Advertising Agency? Betty Francis (Draper)
66.4%
Don Draper
6.5%
Peggy Olson
16.5%
Roger Sterling
7.6%
Glee: Which character directs the glee club? Will Schuester
65.2%
Sue Sylvester
28%
Artie Abrams
1.7%
Mercedes Jones
2.7%
Entourage: Which character works as a talent agent? Ari Gold
64.9%
Vincent Chase
5.8%
Johnny 'Drama' Chase
5.8%
Eric Murphy
20.4%
House: Which character's nickname is 'Thirteen'? Dr. Remy 'Thirteen' Hadley
62.9%
Dr. Gregory House
5.4%
Dr. Eric Foreman
10.3%
Dr. Robert Chase
18.5%
M*A*S*H: Which character's plane is shot down over the Sea of Japan? Henry Blake
61.1%
Hawkeye Pierce
18%
Margaret Houlihan
4.8%
Radar O'Reilly
13.2%
Family Guy: Which character has worked at a toy factory? Peter Griffin
56.3%
Lois Griffin
5.1%
Brian Griffin
9.6%
Glen Quagmire
26.3%
The West Wing: Which character was not a nominee for president or vice president? Sam Seaborn
46.5%
John Hoynes
8.3%
Leo Mcgarry
15.2%
Matt Santos
26.7%
ER: Which character is involved in a helicopter accident? Robert Romano
43.2%
Doug Ross
30.6%
Abby Lockhart
10.1%
Carol Hathaway
13.2%
The Wire: Which character becomes mayor of Baltimore? Tommy Carcetti
34.5%
Rhonda Pearlman
6.3%
Cedric Daniels
35.2%
Stringer Bell
20.7%
It's Always Sunny: Which character's true name has never been revealed? The Waitress
29.1%
Dee Reynolds
9.8%
Charlie Kelly
14.3%
Matthew 'Rickety Cricket' Mara
43.7%
Frasier: Which character has a son named David? Niles Crane
29%
Frasier Crane
18%
Martin Crane
20.4%
Roz Doyle
29.8%
Community: Which character is also known as 'The Worst'? Britta Perry
26.2%
Annie Edison
11.2%
Abed Nadir
10.3%
Pierce Hawthorne
49.3%
Remove Ads.
Support Sporcle.
Get the best of Sporcle when you Go Orange. This ad-free experience offers more features, more stats, and more fun while also helping to support Sporcle. Thank you for becoming a member.

You're not logged in!

Compare scores with friends on all Sporcle quizzes.
OR
Log In

Show Comments

Extras

Top Quizzes Today


Score Distribution

Your Account Isn't Verified!

In order to create a playlist on Sporcle, you need to verify the email address you used during registration. Go to your Sporcle Settings to finish the process.

Report this User

Report this user for behavior that violates our Community Guidelines.

Details: